000 01578cam a22004454a 4500
001 muse68303
003 MdBmJHUP
005 20210127151216.0
006 m o d
007 cr||||||||nn|n
008 961202s1997 miu o 00 0 eng d
010 _z 96052284
020 _a9780814344248
020 _a0814344240
020 _z081432648X (alk. paper)
020 _z9780814344255
035 _a(OCoLC)1036967972
040 _aMdBmJHUP
_cMdBmJHUP
043 _aa-is---
050 0 4 _aML390
_b.F59 1997
082 0 _a780/.95694/09049
_221
100 1 _aFleisher, Robert Jay,
_d1953-
245 1 0 _aTwenty Israeli Composers
_bVoices of a Culture /
_cRobert Fleisher ; foreword by Shulamit Ran.
264 1 _bWayne State University Press,
264 3 _bProject MUSE,
300 _a1 online resource (380 p.) :
_bill. ;
504 _aIncludes discography (p. 337-352), bibliographical references (p. 353-356), and index.
506 0 _aOpen Access
_fUnrestricted online access
_2star
588 _aDescription based on print version record.
650 0 _aMusic
_zIsrael
_y20th century
_xHistory and criticism.
650 0 _aComposers
_zIsrael
_xInterviews.
655 7 _aElectronic books.
_2local
710 2 _aProject Muse.
_edistributor
830 0 _aBook collections on Project MUSE.
856 4 0 _zFull text available:
_uhttps://muse.jhu.edu/book/61467/
999 _c25018
_d25018